LIBRARY & INFORMATION CENTRE, KCAET, TAVANUR

ONLINE PUBLIC ACCESS CATALOGUE (OPAC)

Graphic statics / (Record no. 9217)

MARC details
000 -LEADER
fixed length control field 00479cam a2200193ua 4500
041 ## - LANGUAGE CODE
Language code of text/sound track or separate title eng
082 ## - DEWEY DECIMAL CLASSIFICATION NUMBER
Classification number 531.12
Item number FAI/GR
100 ## - MAIN ENTRY--AUTHOR NAME
Personal name Fairman, Seibert .
245 ## - TITLE STATEMENT
Title Graphic statics /
250 ## - EDITION STATEMENT
Edition statement 1 /
260 ## - PUBLICATION, DISTRIBUTION, ETC. (IMPRINT)
Place of publication New York :
Name of publisher McGraw Hill Book Company ,
Year of publication 1932.
300 ## - PHYSICAL DESCRIPTION
Number of Pages 145 ; .
700 1# - ADDED ENTRY--PERSONAL NAME
Personal name Cutshall, Chester S .
942 ## - ADDED ENTRY ELEMENTS (KOHA)
Koha item type Books
Holdings
Withdrawn status Lost status Damaged status Home library Current library Date acquired Full call number Accession Number Koha item type
      KAUAET KAUAET 07/04/2012 531.12 FAI/GR 5946 Books
free website counter